[Event "31st World Junior Girls"]
[Site "Kocaeli TUR"]
[Date "2013.09.25"]
[Round "12.27"]
[White "Alymbay,Kyzy Aizhan"]
[Black "Anjana Krishna,S"]
[Result "1/2-1/2"]
[WhiteElo "1820"]
[BlackElo "1881"]

1.e4 d5 2.exd5 Qxd5 3.Nc3 Qd6 4.Nf3 Nf6 5.d4 c6 6.Be2 Bg4 7.Be3 e6 8.Qd2 Qc7
9.h3 Bh5 10.a3 Bd6 11.O-O Nbd7 12.Ng5 Bg6 13.Bf3 h6 14.Nge4 Nxe4 15.Bxe4 Bxe4
16.Nxe4 Bh2+ 17.Kh1 f5 18.g3 fxe4 19.Kxh2 O-O-O 20.c4 Ne5 21.Qc2 Nf3+ 22.Kg2 Nxd4
23.Qxe4 e5 24.Rad1 Rhe8 25.Bxd4 exd4 26.Qg4+ Qd7 27.Rxd4 Qxg4 28.Rxg4 Re7
29.Rf4 Rd2 30.b4 Kc7 31.c5 Rd3 32.Rf3 Rd4 33.Rc1 a5 34.Rb1 a4 35.Rf8 Rd3
36.Ra1 b5 37.cxb6+ Kxb6 38.Ra8 Ra7 39.Rb8+ Rb7 40.Ra8 Ra7 41.Rf8 Rc3 42.Rf3 Rb3
43.Rc1 Rd7 44.Rcc3 Rb2 45.Rc5 Rb3 46.Rcc3 Rb2 47.Rc5 Rb3 48.Rfc3 Rd6 49.R5c4 Kb7
50.Rxb3 axb3 51.Rc3 b2 52.Rb3 Rd3 53.Rxb2 Rxa3 54.f4 Kb6 55.g4 Kb5 56.h4 Ra4
57.g5 hxg5 58.fxg5 g6 59.Kg3 Ra3+ 60.Kf4 Rh3 61.Kg4 Rc3  1/2-1/2

[Event "31st World Junior Girls"]
[Site "Kocaeli TUR"]
[Date "2013.09.26"]
[Round "13.35"]
[White "Alev,G"]
[Black "Soydan,Busra"]
[Result "1/2-1/2"]
[WhiteElo "1632"]
[BlackElo "1709"]

1.e4 d5 2.exd5 Qxd5 3.Nc3 Qd8 4.d4 Nf6 5.Nf3 Bg4 6.g3 e6 7.Bg2 Be7 8.O-O O-O
9.Re1 Nc6 10.Be3 Bxf3 11.Bxf3 Nd5 12.Nxd5 exd5 13.c3 Bf6 14.Bg2 Ne7 15.Qf3 c6
16.Rad1 Qd7 17.Bc1 Qf5 18.Qxf5 Nxf5 19.Be3 Be7 20.Bc1 Bf6 21.Be3 Be7 22.Bc1  1/2-1/2

[Event "Vasteras Open 2013"]
[Site "Vasteras SWE"]
[Date "2013.09.27"]
[Round "4.2"]
[White "Berg,E"]
[Black "Pohjala,H"]
[Result "1/2-1/2"]
[WhiteElo "2556"]
[BlackElo "2346"]

1.e4 d5 2.exd5 Qxd5 3.Nc3 Qd6 4.d4 Nf6 5.Bc4 a6 6.Nge2 b5 7.Bb3 e6 8.Bf4 Qb6
9.d5 c5 10.dxc6 Bc5 11.O-O Qxc6 12.Nd4 Qb6 13.Nf3 O-O 14.a4 Bb7 15.axb5 axb5
16.Rxa8 Bxa8 17.Qe2 Bxf3 18.Qxf3 Nc6 19.Ne4 Nd4 20.Nxf6+ gxf6 21.Qh5 Nf5
22.c3 Ng7 23.Qh6 Be7 24.Bc2 f5 25.Be5 f6 26.Bd4 Qc6 27.Re1 Qd5 28.Rd1 e5
29.Be3 Qe6 30.Bc1 Kh8 31.Re1 Bc5 32.Qh3 e4 33.Bh6 Qe5 34.Rd1 Rg8 35.Qg3 Ne6
36.Qxe5 fxe5 37.Bb3 Rg6 38.Bxe6 Rxh6 39.Bxf5 Rf6 40.g4 e3 41.fxe3 Bxe3+ 42.Kg2 b4
43.Kf3 Bf4 44.Rd7 bxc3 45.bxc3 Rc6 46.Rxh7+ Kg8 47.h4 Rxc3+ 48.Ke4 Ra3 49.Rb7 Ra4+
50.Kd5 Ra5+ 51.Ke4 Ra4+ 52.Kd5 Ra5+ 53.Kc4 Bg3 54.h5 Bf4 55.Rb6 Ra4+ 56.Kd5 Rd4+
57.Ke6 Kg7 58.Rb7+ Kh6 59.Rh7+ Kg5 60.Rh8 e4 61.h6 Rd6+ 62.Ke7 Rxh6 63.Rg8+ Kh4
64.Bxe4 Bg5+ 65.Kd7 Kxg4  1/2-1/2

[Event "4th Biella Open A 2013"]
[Site "Biella ITA"]
[Date "2013.09.28"]
[Round "2.13"]
[White "Barbiso,T"]
[Black "Damia,A"]
[Result "1-0"]
[WhiteElo "1998"]
[BlackElo "2227"]

1.e4 d5 2.exd5 Qxd5 3.Nc3 Qd6 4.d4 Nf6 5.Nf3 Bg4 6.h3 Bxf3 7.Qxf3 c6 8.Be3 e6
9.O-O-O Nbd7 10.g4 Be7 11.g5 Nd5 12.Ne4 Qb4 13.a3 Qa4 14.h4 b5 15.Bf4 O-O
16.Bd6 Bxd6 17.Nxd6 b4 18.Nc4 N7b6 19.b3 Qa6 20.a4 Nc3 21.Re1 Nxc4 22.Bxc4 Qb6
23.h5 Qxd4 24.h6 Rfd8 25.Bd3 g6 26.Rhg1 Nd5 27.Rg4 Qa1+ 28.Kd2 Qc3+ 29.Ke2 a5
30.Kf1 Qc5 31.Be4 Qc3 32.Bd3 Rf8 33.Rc4 Qd2 34.Qg3 Rae8 35.Rxc6 f6 36.Rcxe6 Rxe6
37.Rxe6 Nf4 38.Re7 fxg5 39.Bc4+ Kh8 40.Qxg5 Qxf2+ 41.Kxf2 Nh3+ 42.Kg2 Nxg5
43.Bd5 Rd8 44.Re5 Rc8 45.Rxg5 Rxc2+ 46.Kg3 Rh2 47.Rxg6 hxg6 48.Kxh2 Kh7 49.Kg3 Kxh6
50.Kf4  1-0

[Event "Grand Open Blagoevgrad 2013"]
[Site "Blagoevgrad BUL"]
[Date "2013.09.29"]
[Round "3.9"]
[White "Stoyanov,Svetlomir"]
[Black "Kukov,V"]
[Result "0-1"]
[WhiteElo "1965"]
[BlackElo "2410"]

1.e4 d5 2.exd5 Qxd5 3.Nc3 Qd6 4.Nf3 Nf6 5.g3 g6 6.Bg2 Bg7 7.O-O c6 8.Qe2 O-O
9.Re1 Re8 10.d3 Bg4 11.Ne4 Nxe4 12.dxe4 Nd7 13.c3 Ne5 14.a4 Qf6 15.Bf4 Nxf3+
16.Bxf3 Bxf3 17.Qxf3 e5  0-1

[Event "Grand Open Blagoevgrad 2013"]
[Site "Blagoevgrad BUL"]
[Date "2013.09.29"]
[Round "3.5"]
[White "Lagopatis,N"]
[Black "Dlugy,M"]
[Result "0-1"]
[WhiteElo "2161"]
[BlackElo "2524"]

1.e4 d5 2.exd5 Qxd5 3.Nc3 Qd6 4.d4 c6 5.Nge2 Bf5 6.Bf4 Qb4 7.d5 Nf6 8.Qd4 Nxd5
9.Bxb8 Rxb8 10.Qe5 Rd8 11.Qxf5 Qxb2 12.Rd1 e6 13.Qe5 Bb4 14.Qxg7 Rf8 15.g3 Nxc3
16.Rxd8+ Kxd8 17.Qg5+ f6 18.Qd2+ Kc8 19.a3 Bxa3 20.Qh6 Rd8 21.f3 Ne4 22.c3 Nxc3
23.Nxc3 Qxc3+  0-1

[Event "Vasteras Open 2013"]
[Site "Vasteras SWE"]
[Date "2013.09.29"]
[Round "8.2"]
[White "Solodovnichenko,Y"]
[Black "Pohjala,H"]
[Result "1-0"]
[WhiteElo "2577"]
[BlackElo "2346"]

1.e4 d5 2.exd5 Qxd5 3.Nc3 Qd6 4.d4 Nf6 5.Nf3 c6 6.Ne5 Nbd7 7.Nc4 Qc7 8.Qf3 Nb6
9.Bf4 Qd8 10.Be5 Be6 11.Ne3 Qd7 12.a4 Ng4 13.Nxg4 Bxg4 14.Qg3 f6 15.Bf4 Bh5
16.a5 Nd5 17.Nxd5 Qxd5 18.Bd3 e5 19.dxe5 Bb4+ 20.c3 Rd8 21.O-O O-O 22.Bb1 fxe5
23.Bg5 Bc5 24.Ba2  1-0

[Event "Grand Open Blagoevgrad 2013"]
[Site "Blagoevgrad BUL"]
[Date "2013.10.01"]
[Round "5.6"]
[White "Stoyanov,Radoi"]
[Black "Kukov,V"]
[Result "0-1"]
[WhiteElo "2152"]
[BlackElo "2410"]

1.e4 d5 2.exd5 Qxd5 3.Nc3 Qd6 4.Nf3 Nf6 5.Be2 a6 6.O-O Nc6 7.b4 Qxb4 8.a4 g6
9.a5 Bg7 10.Ra4 Qd6 11.Ba3 Qd8 12.d4 O-O 13.d5 Nb8 14.Rc4 Nbd7 15.Na4 Ne8
16.Rd4 b5 17.axb6 cxb6 18.c4 Nd6 19.Nb2 Nc5 20.Re1 Bd7 21.Bf1 Rc8 22.Ne5 Qc7
23.Nxd7 Qxd7 24.g3 Nf5 25.Rd2 Bc3 26.Rde2 Bxe1 27.Qxe1 Nd4 28.Re3 Nc2 29.Qc3 Nxe3
30.Qxe3 Rfe8 31.Nd3 Nxd3 32.Qxd3 f6 33.Qd4 Rc5 34.Bxc5 bxc5 35.Qxc5 Rc8 36.Qd4 Qd6
37.h4 Kg7 38.Qg4 f5 39.Qd4+ Qf6 40.Qe3 f4 41.gxf4 Qxh4 42.Bh3 Rf8 43.Qe5+ Kh6
44.Bg2 Qxf4 45.Qxe7 Qxf2+ 46.Kh1 Rf4 47.Bh3 Rxc4  0-1

[Event "23rd EYCC Girls U18 2013"]
[Site "Budva MNE"]
[Date "2013.10.01"]
[Round "3.6"]
[White "Serefidou,D"]
[Black "Baraeva,I"]
[Result "0-1"]
[WhiteElo "1968"]
[BlackElo "2153"]

1.e4 d5 2.exd5 Qxd5 3.Nc3 Qd6 4.d4 Nf6 5.Nf3 c6 6.Ne5 Nbd7 7.f4 Nb6 8.g4 Nbd5
9.Bg2 g6 10.g5 Nxc3 11.bxc3 Nd7 12.a4 h6 13.h4 Bg7 14.Qe2 Nxe5 15.fxe5 Qc7
16.h5 hxg5 17.hxg6 Rxh1+ 18.Bxh1 f6 19.Qf2 Be6 20.exf6 exf6 21.Bd2 O-O-O
22.Be4 Re8 23.Kd1 Bg4+ 24.Bf3 Bh3 25.Bh1 Qd7 26.Ra3 Bf5 27.c4 Bxg6 28.d5 Qg4+
29.Bf3 Qxc4 30.Rc3 Qxa4 31.Qc5 Bf8 32.d6 Bxd6 33.Qc4 Qa1+ 34.Bc1 Bf4  0-1

[Event "23rd EYCC Open U18 2013"]
[Site "Budva MNE"]
[Date "2013.10.01"]
[Round "3.39"]
[White "Ramsdal,Jens Albert"]
[Black "Zajic,Milun"]
[Result "0-1"]
[WhiteElo "2045"]
[BlackElo "1931"]

1.e4 d5 2.exd5 Qxd5 3.Nc3 Qd6 4.d4 Nf6 5.Nf3 c6 6.Ne5 Nbd7 7.Nc4 Qc7 8.g3 Nb6
9.Bf4 Qd8 10.Qd2 Bf5 11.O-O-O e6 12.Ne5 Bb4 13.Qe3 Nfd5 14.Nxd5 Qxd5 15.Qb3 Qxh1
16.Qxb4 Rd8 17.g4 Bxc2 18.Bg5 f6 19.Kxc2 fxg5 20.Bd3 Qxh2 21.Rd2 Qf4 22.f3 Nd5
23.Qxb7 O-O 24.Nxc6 Rc8 25.Kb3 Qxd2 26.Bc4 Rxc6 27.Qxc6 Qb4+ 28.Kc2 Ne3+  0-1

[Event "23rd EYCC Girls U18 2013"]
[Site "Budva MNE"]
[Date "2013.10.02"]
[Round "4.10"]
[White "Efroimski,M"]
[Black "Turk,T"]
[Result "1-0"]
[WhiteElo "2317"]
[BlackElo "1936"]

1.e4 d5 2.exd5 Qxd5 3.Nc3 Qd6 4.d4 Nf6 5.Nf3 c6 6.Ne5 Nbd7 7.Nc4 Qc7 8.g3 Nd5
9.Bg2 N7f6 10.Ne5 Bf5 11.Nxd5 cxd5 12.c3 e6 13.g4 Bg6 14.h4 h6 15.Qa4+ Nd7
16.Bf1 Kd8 17.Nxg6 fxg6 18.Qc2 e5 19.Qxg6 exd4 20.cxd4 Qa5+ 21.Ke2 Rc8 22.Qd3 Bd6
23.Bd2 Re8+ 24.Kf3 Bb4 25.Be3 Re4 26.Bh3 Be7 27.g5 Bf8 28.Bf5 Re8 29.Kg2 Rc6
30.Rac1 Nb8 31.Rxc6 Nxc6 32.Bg6 Re6 33.Qf5 Kd7 34.Bf7  1-0

[Event "Grand Open Blagoevgrad 2013"]
[Site "Blagoevgrad BUL"]
[Date "2013.10.03"]
[Round "8.2"]
[White "Saric,Iv"]
[Black "Dlugy,M"]
[Result "1/2-1/2"]
[WhiteElo "2627"]
[BlackElo "2524"]

1.e4 d5 2.exd5 Qxd5 3.Nc3 Qd6 4.d4 c6 5.Nf3 Bg4 6.h3 Bxf3 7.Qxf3 Qxd4 8.Be3 Qd8
9.Bd3 Nd7 10.O-O-O Ngf6 11.Ne4 Qa5 12.Kb1 e6 13.Bd4 Be7 14.g4 Ne5 15.Qg3 Nxd3
16.Bxf6 gxf6 17.Rxd3 Rd8 18.Rxd8+ Qxd8 19.Qf4 h5 20.Re1 hxg4 21.hxg4 Kf8
22.a3 Rh3 23.f3 Kg7 24.Ng3 Rh8 25.Qe3 c5 26.f4 Rh2 27.f5 Qd2 28.Qe4 Qg2 29.Nh5+ Kf8
30.Nf4 Qxe4 31.Rxe4 Rh4 32.Ng2 Rh1+ 33.Ka2 Rh2 34.Ne3 Re2 35.Kb3 b5 36.c4 b4
37.fxe6 fxe6 38.Rxe6 Kf7 39.Re4 Bf8 40.Ka4 Rxb2 41.axb4 cxb4 42.Nd5 Ra2+
43.Kb3 Ra3+ 44.Kb2 Bd6 45.c5 Be5+ 46.Kb1 b3 47.Rxe5 fxe5 48.c6 Ke6 49.c7 Kd7
50.g5 Ra5 51.Nf6+ Kc8 52.g6 e4 53.g7 Rg5 54.g8=Q+ Rxg8 55.Nxg8 Kxc7 56.Nf6  1/2-1/2

[Event "23rd EYCC Open U18 2013"]
[Site "Budva MNE"]
[Date "2013.10.03"]
[Round "5.34"]
[White "Vasile,Cl"]
[Black "Zajic,Milun"]
[Result "1-0"]
[WhiteElo "2202"]
[BlackElo "1931"]

1.e4 d5 2.exd5 Qxd5 3.Nc3 Qd6 4.d4 Nf6 5.Nf3 c6 6.Ne5 Nbd7 7.Nc4 Qc7 8.Qf3 Nb6
9.Bf4 Qd7 10.Nxb6 axb6 11.O-O-O Qg4 12.Qe3 Qf5 13.Bd3 Qa5 14.Bc4 b5 15.Bb3 b4
16.Ne4 Nd5 17.Nd6+ Kd7 18.Qh3+ Kc7 19.Nxf7+ Nxf4 20.Qf3 g5 21.Nxh8 Bh6 22.g4 Bxg4
23.Qxg4 Rxh8 24.Rhe1 Ng6 25.Kb1 Bg7 26.d5 c5 27.Qxg5 Rd8 28.Rxe7+ Nxe7 29.Qxe7+ Rd7
30.d6+ Kc8 31.Be6 Qd8 32.Qxg7  1-0

[Event "Kolomenskaya versta IM 2013"]
[Site "Kolomna RUS"]
[Date "2013.10.03"]
[Round "7"]
[White "Kagramanianz,V"]
[Black "Berestnev,V"]
[Result "1/2-1/2"]
[WhiteElo "2234"]
[BlackElo "2293"]

1.e4 d5 2.exd5 Qxd5 3.Nc3 Qd6 4.d4 Nf6 5.Bb5+ c6 6.Be2 Bf5 7.Nf3 e6 8.Nh4 Bg6
9.O-O Be7 10.Bg5 Ng4 11.Bxg4 Bxg5 12.Nxg6 hxg6 13.h3 Bf6 14.Ne2 Nd7 15.c3 Bd8
16.Ng3 Nf6 17.Bf3 Bc7 18.Re1 Nd5 19.c4 Nf4 20.d5 cxd5 21.cxd5 O-O 22.dxe6 Nxe6
23.Qxd6 Bxd6 24.Rad1 Rfd8 25.Bxb7 Rab8 26.Bd5 Nf4 27.Bc4 Nh5 28.Ne4 Bb4 29.Rf1 Be7
30.b3 g5 31.g3 g6 32.Rfe1 Kg7 33.Kf1 Bb4 34.Rxd8 Rxd8 35.Re3 Be7 36.Ke2 f5
37.Nc3 Bc5 38.Re6 Nf6 39.Rc6 Bd4 40.Nb5 Bb6 41.Nc7 Rd7 42.Ne6+ Kh6 43.Nxg5 Kxg5
44.h4+ Kh6 45.Rxf6 Re7+ 46.Re6 Rxe6+ 47.Bxe6 Kg7 48.Bc4 Kf6 49.f3 Bc7 50.g4 fxg4
51.fxg4 Bg3 52.h5 gxh5 53.gxh5 a5 54.Bd3  1/2-1/2

[Event "Lichtenrader Herbst 2013"]
[Site "Berlin GER"]
[Date "2013.10.04"]
[Round "7.15"]
[White "Kul,I"]
[Black "Wecker,Martin"]
[Result "1/2-1/2"]
[WhiteElo "2123"]
[BlackElo "2055"]

1.e4 d5 2.exd5 Qxd5 3.Nc3 Qd6 4.g3 Nf6 5.Bg2 Bg4 6.Nge2 Nc6 7.h3 Bf5 8.d3 e5
9.g4 Be6 10.Bg5 Be7 11.Ng3 h6 12.Bxf6 Bxf6 13.Nge4 Qe7 14.Nxf6+ Qxf6 15.Qd2 Nd4
16.O-O-O c6 17.Qe3 O-O-O 18.Rhe1 Qf4 19.Kb1 Rhe8 20.b3 Qxe3 21.fxe3 Nb5 22.Nxb5 cxb5
23.c3 f6 24.d4 Bd5 25.Bxd5 Rxd5 26.e4 Rd7 27.d5 Kc7 28.Kc2 Kd6 29.Kd3 Rf8
30.Rf1 Rdf7 31.Rf3 g6 32.Rdf1 f5 33.gxf5 gxf5 34.Rxf5 Rxf5 35.Rxf5 Rxf5 36.exf5 Kxd5
37.c4+ bxc4+ 38.bxc4+ Kd6 39.Ke4 b6 40.a4 a5 41.h4 h5 42.f6 Ke6 43.f7 Kxf7
44.Kxe5 Ke7 45.Kf5 Kd6 46.Kg5 Kc5 47.Kxh5 Kxc4 48.Kg6 b5 49.axb5 a4 50.b6 a3
51.b7 a2 52.b8=Q a1=Q 53.Qf4+ Kb3 54.Qf3+ Kc2 55.h5 Qg1+ 56.Kf5 Qc5+ 57.Kg4 Qd4+
58.Kh3 Qd7+ 59.Qg4 Qd3+ 60.Kh2 Kc1 61.Qf4+ Kb2 62.h6 Qe2+ 63.Kg3 Qd3+ 64.Kh4 Qd8+
65.Kh5 Qe8+ 66.Kh4 Qd8+ 67.Qg5 Qd4+ 68.Kh3 Qd3+ 69.Kh2 Qd6+ 70.Kh1 Ka3 71.Qe3+ Ka4
72.Qe4+ Ka3 73.h7 Qh6+ 74.Kg2 Qg5+ 75.Kf2 Qg7 76.Ke3 Qh6+ 77.Ke2 Qh2+ 78.Ke3 Qh6+
79.Kd3 Qd6+ 80.Qd4 Qg6+ 81.Qe4 Qd6+ 82.Kc3 Qc7+ 83.Kd2 Qh2+ 84.Kc3 Qc7+ 85.Kd4 Qd7+
86.Ke5 Qe7+ 87.Kf4 Qh4+ 88.Ke3 Qe1+  1/2-1/2

[Event "Frauenbundesliga 2013-14"]
[Site "Germany GER"]
[Date "2013.10.05"]
[Round "1.6"]
[White "Kalies,G"]
[Black "Reiter,B"]
[Result "0-1"]
[WhiteElo "2049"]
[BlackElo "1847"]

1.e4 d5 2.exd5 Qxd5 3.Nc3 Qd6 4.d4 c6 5.g3 Nf6 6.Bg2 Bf5 7.Nf3 e6 8.O-O Be7
9.a3 Qc7 10.Ne2 O-O 11.c4 Nbd7 12.Bg5 h6 13.Be3 Rad8 14.Qa4 Bd3 15.Rfe1 Nb6
16.Bf4 Bd6 17.Bxd6 Rxd6 18.Qa5 Bxc4 19.Rac1 Bd5 20.b4 Qb8 21.b5 Nc4 22.Qb4 cxb5
23.a4 Rc8 24.axb5 Rb6 25.Nc3 Nd6 26.Rb1 Rc4 27.Qa5 Bxf3 28.Bxf3 Rxd4 29.Ra1 Nc4
30.Qb4 Nd2  0-1

[Event "Frauenbundesliga 2013-14"]
[Site "Germany GER"]
[Date "2013.10.05"]
[Round "1.3"]
[White "Sieber,Fiona"]
[Black "Moser,E"]
[Result "0-1"]
[WhiteElo "1922"]
[BlackElo "2436"]

1.e4 d5 2.exd5 Qxd5 3.Nc3 Qd8 4.d4 Nf6 5.g3 Bg4 6.Nf3 e5 7.Qe2 Nc6 8.Bg2 Qe7
9.dxe5 Nd4 10.Qd3 Bxf3 11.Bxf3 Qxe5+ 12.Ne2 Nxf3+ 13.Qxf3 O-O-O 14.O-O Bc5
15.Bf4 Qf5 16.Qb3 Rhe8 17.Nc3 Ng4 18.Rad1 Nxf2 19.Rd5 Rxd5 20.Nxd5 Ng4+ 21.Kg2 Re2+
22.Kf3 Rd2 23.Ne7+ Bxe7  0-1

[Event "TCh-CRO II Liga 2013"]
[Site "Primosten CRO"]
[Date "2013.10.05"]
[Round "5.5"]
[White "Knezovic,Ilija"]
[Black "Zaper,M"]
[Result "1-0"]
[WhiteElo "1683"]
[BlackElo "1992"]

1.e4 d5 2.exd5 Qxd5 3.Nc3 Qd8 4.d4 Nf6 5.Bd3 Bg4 6.f3 Bh5 7.Nge2 Bg6 8.Be3 e6
9.Nf4 c6 10.Nxg6 hxg6 11.a3 Nbd7 12.Qd2 Be7 13.g3 Nb6 14.O-O-O Nbd5 15.Be4 Nxe4
16.Nxe4 Rh5 17.Kb1 b5 18.g4 Rh3 19.Rdf1 a5 20.Bg5 f6 21.Qg2 Rh8 22.Bd2 a4
23.Nc5 Bxc5 24.dxc5 Kf7 25.h4 Qb8 26.f4 Ne7 27.h5 Qc7 28.hxg6+ Nxg6 29.f5 Ne5
30.fxe6+ Kxe6 31.Qe4 Qd7 32.Bc3 Qd5 33.Qf5+ Kf7 34.Rxh8 Rxh8 35.Bxe5 Rh1
36.Rxh1 Qxh1+ 37.Ka2 Qd5+ 38.b3 axb3+ 39.cxb3 Qxe5 40.a4 Qe2+ 41.Ka3 bxa4
42.bxa4 Qe3+ 43.Kb4 Qd2+ 44.Kc4 Qa2+ 45.Kb4 Qb2+ 46.Ka5 Qb7 47.g5 Qc7+ 48.Ka6 Ke7
49.gxf6+ gxf6 50.Qh7+ Kd8 51.Qg8+ Kd7 52.Qf7+ Kc8 53.Qe8+ Qd8 54.Qxd8+ Kxd8
55.Kb7  1-0

[Event "TCh-CRO II Liga 2013"]
[Site "Primosten CRO"]
[Date "2013.10.05"]
[Round "5.4"]
[White "Cecuk,M"]
[Black "Miskovic,Bo"]
[Result "1-0"]
[WhiteElo "2105"]
[BlackElo "2025"]

1.e4 d5 2.exd5 Qxd5 3.Nc3 Qd6 4.d4 a6 5.Be3 Nc6 6.Nf3 Bg4 7.Qd2 Nf6 8.Be2 e6
9.O-O Bf5 10.a3 Rd8 11.Rad1 Be7 12.Qc1 Nd5 13.Nxd5 exd5 14.Bf4 Qd7 15.c4 Rc8
16.cxd5 Qxd5 17.Bc4 Qa5 18.Rfe1 Kf8 19.d5 Nb8 20.Rxe7 Kxe7 21.Qe3+ Kf8 22.Re1 Nd7
23.Qe7+ Kg8 24.d6 Rf8 25.b4 Qxa3 26.Ng5 g6 27.Nxf7  1-0

[Event "23rd EYCC Open U18 2013"]
[Site "Budva MNE"]
[Date "2013.10.06"]
[Round "7.36"]
[White "Lenier,J"]
[Black "Zajic,Milun"]
[Result "0-1"]
[WhiteElo "2121"]
[BlackElo "1931"]

1.e4 d5 2.exd5 Qxd5 3.Nc3 Qd6 4.d4 Nf6 5.Nge2 Bg4 6.f3 Bf5 7.Bf4 Qd8 8.Qd2 c6
9.O-O-O e6 10.g4 Bg6 11.h4 h6 12.h5 Bh7 13.g5 hxg5 14.Bxg5 Nbd7 15.Qf4 Be7
16.h6 gxh6 17.Bxh6 Bg6 18.Ng3 Nb6 19.Nce4 Ng8 20.Bg2 Qd5 21.Kb1 Rxh6 22.Rxh6 Nxh6
23.Qxh6 O-O-O 24.Ne2 Qb5 25.N2c3 Qb4 26.a3 Qa5 27.Bf1 Na4 28.Qe3 Nxb2 29.Kxb2 Bxa3+  0-1

[Event "TCh-AUT 2nd Ost 2013-14"]
[Site "Vienna AUT"]
[Date "2013.10.06"]
[Round "2.2"]
[White "Sardy,P"]
[Black "Beck,Hart"]
[Result "1/2-1/2"]
[WhiteElo "2337"]
[BlackElo "2313"]

1.e4 d5 2.exd5 Qxd5 3.Nc3 Qd6 4.d4 Nf6 5.Nf3 a6 6.Ne5 Nc6 7.Nxc6 Qxc6 8.Bf4 Bf5
9.Qe2 e6 10.O-O-O O-O-O 11.Qc4 Qxc4 12.Bxc4 Bd6 13.Bxd6 Rxd6 14.f3 Rhd8 15.Ne2 h6
16.Rhe1 Rc6 17.Bb3 Nd5 18.Ng3 Bg6 19.Ne4 a5 20.c3 Nb6 21.Nc5 Rcd6 22.Re5 Nd5
23.Bxd5 Rxd5 24.Rde1 b6 25.Nb3 Rxe5 26.Rxe5 Rd5 27.Rxd5 exd5 28.Kd2 Kd7 29.Ke3 f6
30.Nd2 Ke6 31.Nf1 Bb1 32.a3 g5  1/2-1/2

[Event "Chigorin Memorial"]
[Site "St Petersburg RUS"]
[Date "2013.10.07"]
[Round "3.99"]
[White "Assaubayeva,Bibissara"]
[Black "Bykova,Anastasia"]
[Result "1-0"]
[WhiteElo "1820"]
[BlackElo "2083"]

1.e4 d5 2.exd5 Qxd5 3.Nc3 Qd6 4.d4 Nf6 5.Nf3 g6 6.Bd3 Bg7 7.O-O a6 8.a4 Nc6
9.Be3 O-O 10.Qd2 Bg4 11.Be2 Nb4 12.Bf4 Qd8 13.Rfd1 Bf5 14.Rac1 Nfd5 15.Nxd5 Nxd5
16.Bg3 a5 17.c3 Be6 18.Ne5 Nf6 19.c4 Ne4 20.Qe3 Nxg3 21.Qxg3 Bf5 22.Qb3 Rb8
23.c5 c6 24.Bc4 e6 25.Qe3 g5 26.Bb3 Ra8 27.Nc4 Bg6 28.Nd6 Rb8 29.Bc4 h6 30.Qa3 Qc7
31.b4 axb4 32.Qxb4 Rfd8 33.Ba2 Bf8 34.Nc4 Qf4 35.Ne5 Be4 36.Qe1 Bh7 37.g3 Qf6
38.Rc3 Qe7 39.Rf3 f5 40.Qe2 Kg7 41.Re3 Bg8 42.Bb3 Qf6 43.Nf3 Re8 44.Re1 Ra8
45.Qa2 g4 46.Nh4 Bf7 47.Bxe6 Rxe6 48.Rxe6 Re8 49.d5 Bxe6 50.dxe6 Bxc5 51.Qc2 Bb4
52.Rb1 c5 53.Nxf5+ Kh8 54.e7 h5 55.Rd1 Kg8 56.Qc4+ Kh7 57.Qe4 Kg8 58.Rd6  1-0

[Event "23rd EYCC Girls U18 2013"]
[Site "Budva MNE"]
[Date "2013.10.08"]
[Round "9.3"]
[White "Bivol,A"]
[Black "Baraeva,I"]
[Result "0-1"]
[WhiteElo "2241"]
[BlackElo "2153"]

1.e4 d5 2.exd5 Qxd5 3.Nc3 Qd6 4.d4 Nf6 5.Nf3 c6 6.g3 Bg4 7.Bg2 e6 8.Bf4 Qb4
9.Rb1 Nbd7 10.O-O Be7 11.Qd2 O-O 12.a3 Qb6 13.Ne5 Nxe5 14.Bxe5 Rad8 15.Qf4 Bf5
16.d5 Rd7 17.dxc6 bxc6 18.Qa4 Rd2 19.Qxc6 Qxc6 20.Bxc6 Rxc2 21.Rbd1 Bc5 22.b4 Bb6
23.Ba4 Rxf2 24.Rxf2 Bxf2+ 25.Kxf2 Ng4+ 26.Kg1 Nxe5 27.Nb5 a6 28.Nc7 Nc4 29.Nxa6 Nb2
30.Nc5 Nxa4 31.Nxa4 Bc2 32.Rd6 Bxa4 33.Ra6 Bb3 34.a4 Rb8 35.b5 g6 36.Kf2 Kg7
37.Ke3 g5 38.Kd4 Bxa4 39.Rxa4 Rxb5 40.Ra2 Rb3 41.Re2 h5 42.Ke5 Kg6 43.Kd6 Rb4
44.Ke7 h4 45.Rf2 Rb7+ 46.Kd6 hxg3 47.hxg3 Kh5 48.Rf3 Kg4 49.Ra3 Rb5 50.Ke7 Rf5
51.Rb3 Kh3 52.Rc3 g4  0-1

[Event "Chigorin Memorial"]
[Site "St Petersburg RUS"]
[Date "2013.10.09"]
[Round "5.25"]
[White "Oparin,G"]
[Black "Rozhko,D"]
[Result "1/2-1/2"]
[WhiteElo "2526"]
[BlackElo "2339"]

1.e4 d5 2.exd5 Qxd5 3.Nc3 Qd6 4.d4 Nf6 5.Nf3 g6 6.g3 Bg7 7.Bg2 Qa6 8.Bf4 c6
9.Qd2 O-O 10.Bh6 Be6 11.h4 Qa5 12.Bxg7 Kxg7 13.h5 gxh5 14.Ne5 h6 15.O-O-O Nbd7
16.Qf4 Rad8 17.Rde1 Nb6 18.a3 Rh8 19.Bf3 Nbd5 20.Nxd5 Bxd5 21.Bxd5 Qxd5 22.c3 a5
23.Nd3 Qc4 24.Qe3 Ng4 25.Qe4 Nf6 26.Qe3 Ng4 27.Qe4 Nf6 28.Qe3  1/2-1/2

[Event "Chigorin Memorial"]
[Site "St Petersburg RUS"]
[Date "2013.10.10"]
[Round "6.121"]
[White "Blank,David"]
[Black "Demura,Anna"]
[Result "1/2-1/2"]
[WhiteElo "1818"]
[BlackElo "1652"]

1.e4 d5 2.exd5 Qxd5 3.Nc3 Qd6 4.Nf3 Nf6 5.d4 c6 6.Be2 Bg4 7.h3 Bh5 8.Bg5 Nbd7
9.Bh4 e6 10.a3 Qc7 11.O-O Bd6 12.Ng5 Bxe2 13.Qxe2 h6 14.Nge4 Be7 15.Nxf6+ Nxf6
16.Ne4 Nxe4 17.Bxe7 Qxe7 18.Qxe4 O-O 19.f4 Qd6 20.c3 Qd5 21.Qxd5 exd5 22.Rae1 Rfe8
23.Re5 f6 24.Ree1 Kf7 25.f5 a5 26.Kf2 a4 27.g3 Rf8 28.Rg1 Rae8 29.Rxe8 Rxe8
30.Re1 Rxe1 31.Kxe1 g6 32.fxg6+ Kxg6 33.Kf2 h5 34.Kf3 Kf5 35.Ke3 Kg5 36.Kf3 Kf5
37.Ke3 Kg5 38.Kf3 Kf5 39.Ke3 Kg5 40.Kf3 Kf5 41.Ke3  1/2-1/2

[Event "Chigorin Memorial"]
[Site "St Petersburg RUS"]
[Date "2013.10.11"]
[Round "7.87"]
[White "Voronenkov,S"]
[Black "Bykova,Anastasia"]
[Result "1/2-1/2"]
[WhiteElo "2019"]
[BlackElo "2083"]

1.e4 d5 2.exd5 Qxd5 3.Nc3 Qd6 4.d4 Nf6 5.Nf3 g6 6.Be2 Bg7 7.O-O O-O 8.h3 Nc6
9.Nb5 Qd8 10.c4 Ne8 11.Be3 Nd6 12.Nxd6 cxd6 13.Qd2 e5 14.d5 Ne7 15.Rac1 b6
16.b4 Bb7 17.Rfd1 Rc8 18.Ne1 Qd7 19.f3 Nf5 20.c5 Bxd5 21.cxb6 axb6 22.Bxb6 Bh6
23.Qxd5 Rxc1 24.Rxc1 Bxc1 25.Bb5 Qe7 26.Nc2 Rb8 27.Bf2 Qe6 28.Qxe6 fxe6 29.a4 Bd2
30.Kf1 Ne7 31.Ke2 Bc3 32.Kd3 Nd5 33.Kc4 Bd2 34.Kb3 Kf7 35.Be1 Bxe1 36.Nxe1 Ke7
37.Nc2 Kd8 38.Bf1 Kc7 39.a5 Kc6 40.Bc4 Nc7 41.Na3 d5 42.Bd3 h6 43.Ka4 g5
44.b5+ Kc5 45.b6 Na8 46.Kb3 Kd4 47.Bb5 Nxb6 48.axb6 Rxb6 49.Kb4 e4 50.Nc2+ Ke5
51.fxe4 Kxe4 52.Kc5 Rb8 53.Nd4 Rc8+ 54.Bc6 e5 55.Nb5 Rxc6+ 56.Kxc6 d4 57.Kc5 d3
58.Nc3+ Kf4 59.Kd5 d2 60.g3+ Kxg3 61.Ne4+ Kxh3 62.Nxd2 g4 63.Kxe5 Kg3 64.Ne4+ Kf3
65.Nd2+ Ke3 66.Nf1+ Kf2 67.Kf4 h5 68.Ng3 h4 69.Ne4+ Kg2 70.Kxg4 h3 71.Kf4 h2
72.Ng3  1/2-1/2

[Event "4th Continental Class 2013"]
[Site "Arlington USA"]
[Date "2013.10.12"]
[Round "5.3"]
[White "Stripunsky,A"]
[Black "Rakhmanov,Ale"]
[Result "1-0"]
[WhiteElo "2549"]
[BlackElo "2603"]

1.e4 d5 2.exd5 Qxd5 3.Nc3 Qd6 4.d4 Nf6 5.Nf3 g6 6.Nb5 Qb6 7.Na3 Be6 8.c3 c6
9.Bc4 Bxc4 10.Nxc4 Qa6 11.Qe2 e6 12.Bg5 Nbd7 13.Nfe5 Be7 14.O-O Qb5 15.f4 Qd5
16.Nxd7 Nxd7 17.Bxe7 Kxe7 18.Ne3 Qh5 19.g4 Qb5 20.c4 Qb6 21.f5 Raf8 22.c5 Qb4
23.Rad1 Rhg8 24.a3 Qb5 25.Nd5+ Kd8 26.Qxb5 cxb5 27.fxe6 fxe6 28.Nf4 Re8 29.Rfe1 Nf8
30.d5 exd5 31.Rxe8+ Kxe8 32.Nxd5 Rg7 33.Nf6+ Kf7 34.g5 Ke6 35.Re1+ Kf5 36.Rf1+ Ke6
37.Re1+ Kf5 38.Ne8 Rg8 39.Nd6+ Kxg5 40.Re8  1-0

[Event "Indonesia Open 2013"]
[Site "Jakarta INA"]
[Date "2013.10.12"]
[Round "3.45"]
[White "Medina,W"]
[Black "Panggabean,H"]
[Result "1/2-1/2"]
[WhiteElo "2319"]
[BlackElo "2190"]

1.e4 d5 2.exd5 Qxd5 3.Nc3 Qd6 4.d4 Nf6 5.Nge2 a6 6.Bf4 Qd8 7.g3 e6 8.Bg2 Bd6
9.O-O O-O 10.Qd3 Nbd7 11.Rad1 Rb8 12.a4 Re8 13.Bxd6 cxd6 14.Nf4 Qb6 15.h4 Nf8
16.b3 Bd7 17.Ne4 Nxe4 18.Bxe4 d5 19.Bg2 Rec8 20.Rc1 Qb4 21.Qe3 Qc3 22.Nd3 b6
23.h5 h6 24.Qf4 Rb7 25.Rfe1 Rbc7 26.Ne5 Be8 27.Bf1 b5 28.axb5 Bxb5 29.Bg2 Qb2
30.c4 dxc4 31.bxc4 Be8 32.c5 Bb5 33.Nc4 Bxc4 34.Rxc4 Nd7 35.c6 Nf6 36.Rcc1 Nxh5
37.Qd6 Nf6 38.Rb1 Qd2 39.Red1 Qe2 40.Rdc1 Qd2 41.Rc5 Ng4 42.Qf4 Qxf4 43.gxf4 Nf6
44.Rb6 g6 45.Rxa6 Kf8 46.Kf1 Ke7 47.Ke2 Kd6 48.Raa5 Rb8 49.Bf3  1/2-1/2

[Event "TCh-FIN SM 2013-14"]
[Site "Jyvaskyla FIN"]
[Date "2013.10.12"]
[Round "3.4"]
[White "Laihonen,P"]
[Black "Koykka,P"]
[Result "1/2-1/2"]
[WhiteElo "2253"]
[BlackElo "2290"]

1.e4 d5 2.exd5 Qxd5 3.Nc3 Qd6 4.d4 Nf6 5.Nf3 c6 6.Ne5 Nbd7 7.Nc4 Qc7 8.Qf3 Nb6
9.Bf4 Qd8 10.Be5 Be6 11.Ne3 g6 12.d5 Nbxd5 13.Ncxd5 Bxd5 14.Nxd5 Qxd5 15.Qxd5 cxd5
16.Bb5+ Kd8 17.O-O-O Bg7 18.Bxf6 Bxf6 19.Rxd5+ Kc7 20.Rhd1 Rad8 21.Rxd8  1/2-1/2

[Event "Chinese Teams 2013"]
[Site "Qingdao CHN"]
[Date "2013.10.12"]
[Round "13.6"]
[White "Ni,Shiqun"]
[Black "Ning Chunhong"]
[Result "1/2-1/2"]
[WhiteElo "2207"]
[BlackElo "2303"]

1.e4 d5 2.exd5 Qxd5 3.Nc3 Qd6 4.d4 Nf6 5.Nf3 c6 6.g3 Bg4 7.Bg2 Nbd7 8.O-O e6
9.Bf4 Qb4 10.Qd2 Be7 11.a3 Qb6 12.Rfe1 O-O 13.h3 Bh5 14.Na4 Qd8 15.c4 Nb6
16.Nxb6 axb6 17.Rad1 Bd6 18.Be5 Qe7 19.Qg5 Bg6 20.Qf4 Rfd8 21.Rd2 b5 22.cxb5 Nd5
23.Bxd6 Rxd6 24.Qe5 cxb5 25.Rc1 Rdd8 26.Qe2 b4 27.axb4 Qxb4 28.Ne5 Rdc8 29.Qd1 Qa5
30.Kh2 Rc7 31.Rxc7 Qxc7 32.Nxg6 hxg6 33.Bxd5 exd5 34.Rc2 Qb6  1/2-1/2